000 01184nam a22002057a 4500
003 MN-UlNLM
005 20241015111236.0
008 240920s2024 mp ||||| |||| 00| 0 mon d
020 _a9789919016081
040 _bmon
084 _2NNA
_a84(5Мон)-44
_bЭ 66
_q84
100 1 _aЭнхбаяр Ш.
245 0 _aЭртний монголын эрэлхэг хатад
_cРед. Х.Бадамхорол
260 1 _aУБ
_bЖиком пресс
_c2024
300 _a116х
505 _tНэг. Алунгоо эхийн домог --
_tХоёр. Өнөд ба Өөлөн хатан --
_tГурав. Бусдыг аврагч Бөртэ хатан --
_tДөрөв. Ухаант хатны учиртай зөвлөгөө --
_tТав. Олзны хатан, онцгой хувьтан --
_tЗургаа. Хаан төр барьсан хоёр дахь --
_tДолоо. Чингис хааны сонгосон бэр --
_tНайм. Цамба хатан чамбай хүн --
_tЕс. Хаанаас өс авагч хатан --
_tАрав. Хамаг олонд хайрлагдсан хатан Мандухай
546 _amon
650 _aУран зохиол
942 _cBK
999 _c1145195
_d1145252